A biochemical approach to nutrition

में बचाया:
ग्रंथसूची विवरण
मुख्य लेखक: Freedland, Richard A.
स्वरूप: पुस्तक
भाषा:Undetermined
प्रकाशित: London,New York Chapman and Hall,Halsted Press 1977,1977
विषय:
टैग : टैग जोड़ें
कोई टैग नहीं, इस रिकॉर्ड को टैग करने वाले पहले व्यक्ति बनें!
Thư viện lưu trữ: Trung tâm Học liệu Trường Đại học Cần Thơ
LEADER 00622nam a2200205Ia 4500
001 CTU_126295
008 210402s9999 xx 000 0 und d
082 |a 612.3 
082 |b F583 
100 |a Freedland, Richard A. 
245 2 |a A biochemical approach to nutrition 
245 0 |c R. A. Freedland, Stephanie Briggs 
260 |a London,New York 
260 |b Chapman and Hall,Halsted Press 
260 |c 1977,1977 
526 |a Dinh dưỡng cộng đồng 
526 |b NN682 
650 |a Nutrition,Biochemistry,Metabolism 
904 |i Nguyên 
980 |a Trung tâm Học liệu Trường Đại học Cần Thơ